Architecture : (Record no. 353428)
[ view plain ]
| 000 -LEADER | |
|---|---|
| fixed length control field | 00738nam a22002297a 4500 |
| 003 - CONTROL NUMBER IDENTIFIER | |
| control field | OSt |
| 005 - DATE AND TIME OF LATEST TRANSACTION | |
| control field | 20180116192407.0 |
| 008 - FIXED-LENGTH DATA ELEMENTS--GENERAL INFORMATION | |
| fixed length control field | 111019t2002 xxu||||| |||| 00| 0 eng d |
| 020 ## - INTERNATIONAL STANDARD BOOK NUMBER | |
| International Standard Book Number | 0192801791 |
| 040 ## - CATALOGING SOURCE | |
| Transcribing agency | 0 |
| 082 04 - DEWEY DECIMAL CLASSIFICATION NUMBER | |
| Classification number | 720 |
| 100 ## - MAIN ENTRY--PERSONAL NAME | |
| Personal name | Ballantyne, Andrew. |
| 9 (RLIN) | 160 |
| 245 10 - TITLE STATEMENT | |
| Title | Architecture : |
| Remainder of title | A very short introduction / |
| Statement of responsibility, etc. | Andrew Ballantyne. |
| 260 ## - PUBLICATION, DISTRIBUTION, ETC. | |
| Place of publication, distribution, etc. | Oxford : |
| Name of publisher, distributor, etc. | Oxford University Press, |
| Date of publication, distribution, etc. | 2002. |
| 300 ## - PHYSICAL DESCRIPTION | |
| Extent | 134 p. : |
| Other physical details | ill. ; |
| Dimensions | 18 cm. |
| 490 ## - SERIES STATEMENT | |
| Series statement | Very short introductions |
| Volume/sequential designation | 72 |
| 504 ## - BIBLIOGRAPHY, ETC. NOTE | |
| Bibliography, etc. note | Includes bibliographical references and index. |
| 650 ## - SUBJECT ADDED ENTRY--TOPICAL TERM | |
| Topical term or geographic name entry element | Architecture. |
| 9 (RLIN) | 161 |
| 830 ## - SERIES ADDED ENTRY--UNIFORM TITLE | |
| Uniform title | Very short introductions |
| 9 (RLIN) | 162 |
| 942 ## - ADDED ENTRY ELEMENTS (KOHA) | |
| Source of classification or shelving scheme | |
| Koha item type | Book |
| Withdrawn status | Lost status | Source of classification or shelving scheme | Damaged status | Not for loan | Permanent Location | Current Location | Date acquired | Total Checkouts | Full call number | Barcode | Date last seen | Date last checked out | Copy number | Cost, replacement price | Price effective from | Koha item type | Total Renewals |
|---|---|---|---|---|---|---|---|---|---|---|---|---|---|---|---|---|---|
| School of Art Design and Architecture (SADA) | School of Art Design and Architecture (SADA) | 10/19/2011 | 1 | 720 BAL 2002 | SADA0001617 | 03/03/2025 | 01/31/2025 | 01 | 199.00 | 10/19/2011 | Book | ||||||
| School of Art Design and Architecture (SADA) | School of Art Design and Architecture (SADA) | 10/19/2011 | 1 | 720 BAL 2002 | SADA0001618 | 07/28/2025 | 07/03/2025 | 02 | 199.00 | 10/19/2011 | Book | ||||||
| School of Art Design and Architecture (SADA) | School of Art Design and Architecture (SADA) | 10/19/2011 | 3 | 720 BAL 2002 | SADA0001619 | 02/20/2025 | 01/31/2025 | 03 | 199.00 | 10/19/2011 | Book | 2 |
